000 00433nam a2200169Ia 4500
003 GCL
008 140319s9999 xx 000 0 ara d
040 _aGCL /
_cGCL
082 0 4 _a813.03
_bى ق
100 1 _aيوسف عزالدين
245 1 0 _aقلب على سفر /
_cيوسف عزالدين
300 _a140 ص
490 _a
650 0 4 _aالادب العربى
650 0 4 _aالقصص العربية
942 _2ddc
_cBK
999 _c44892
_d44892